[Event "Moscow Aeroflot op-A"]
[Site "Moscow"]
[Date "2004.02.23"]
[Round "7"]
[White "Sasikiran, Krishnan"]
[Black "Markowski, Tomasz"]
[Result "1-0"]
[WhiteElo "2654"]
[BlackElo "2603"]
[Annotator "Sasikiran,K"]
[PlyCount "87"]
[EventDate "2004.02.17"]
[EventType "swiss"]
[EventRounds "9"]
[EventCountry "RUS"]
[SourceTitle "CBM 100"]
[Source "ChessBase"]
[SourceDate "2004.06.01"]
[SourceVersion "1"]
[SourceVersionDate "2004.06.01"]
[SourceQuality "1"]

1. d4 d5 2. c4 dxc4 3. Nf3 Nf6 4. e3 e6 5. Bxc4 a6 6. O-O Nbd7 7. Re1 b5 8. Bd3
c5 9. a4 b4 10. Nbd2 Bb7 11. Nc4 Be7 12. e4 O-O 13. e5 Nd5 14. Bc2 Rc8 15. Qd3
g6 16. Bh6 Re8 {Nothing new so far. White has more space in the centre and
opportunities to attack on the Kingside. He can try to transfer his Queen to
g3 or g4 and play h4-h5. Another possible plan for white is to play for the
d6-Square with Nfd2-e4 etc. Black is a little bit cramped. The knight on d5 is
well placed but obstructs Bb7. Black would like to regroup his pieces and
attack White's centre. Black is planning to exchange some pieces starting with
N5b6 which will ease his position.} 17. a5 $1 $146 {Stopping N5b6. In some
cases Ba4 can be quite awkward to meet.} (17. Nfd2 N5b6 18. Nxb6 Nxb6 19. a5
Nd7 20. Ba4 Qc7 21. Qh3 cxd4 22. Nb3 Red8 {E.Arlandi-T.Markowski,European
Championship Istanbul 2003}) 17... Qc7 (17... cxd4 18. Qxd4 Bc5 (18... Qc7 19.
Ba4 $1 $14) 19. Qd2 $5 Ne7 (19... Bxf2+ 20. Qxf2 Rxc4 21. Ba4 $1 Ne7 (21... Bc6
$2 22. Bb3 Rc5 23. Ng5 Re7 24. Ne4 Rxa5 25. Rac1 $18 {/\ Bd5,Nf6+}) 22. Bg5 $44
) (19... b3 20. Bxb3 Bb4 21. Qe2 Nc5 22. Bc2 Bxe1 23. Rxe1 {The dark square
weakness near the King and weakness of the d6-square offers good compensation
for the lost exchange.}) 20. Nd6 Nxe5 (20... Bxd6 21. exd6 Nd5 22. Ba4 $1 {
Stopping Nc5.} Bc6 23. Qd4 $1 N7f6 (23... Qf6 24. Bxc6 Rxc6 25. Qxd5 $1 $18)
24. Bxc6 Rxc6 25. d7 $16) 21. Nxb7 Nxf3+ 22. gxf3 Qxd2 23. Bxd2 Bxf2+ 24. Kxf2
Rxc2 25. Re2 Rb8 (25... Rxb2 26. Nc5 $16) 26. Nd6 Rxb2 27. Nc4 (27. Be3 $14)
27... Rb3 28. Re3 Rxe3 29. Kxe3 $14) 18. Nfd2 $5 (18. Rac1 $5 cxd4 19. Nfd2 $44
{/\ Qg3} (19. Bb1 $2 Nc5 20. Qd1 (20. Qxd4 $2 Nb3 $17) 20... d3 $15)) 18... b3
$6 (18... cxd4 19. Qxd4 $14) (18... Red8 $1 19. Rac1 Bc6 20. Qg3 cxd4 21. Ne4
Rb8 22. h4 $44) 19. Bxb3 Nb4 20. Qg3 (20. Qc3 $1 Qc6 (20... cxd4 21. Qxd4 Bc5 (
21... Red8 22. Nd6 $18) 22. Qh4 Nd3 23. Re2 $16 N3xe5 $2 24. Nxe5 Nxe5 25. Qf6
$18) (20... Nd5 21. Qg3 cxd4 22. Ne4 $36) 21. d5 $3 (21. Qg3 cxd4 22. Ba4 Qd5
23. Bxd7 Qxd7 24. Nb6 Qb5 25. Nxc8 Rxc8 $44 {/\ d3,Nc2.}) 21... Nxd5 (21...
exd5 22. Ba4 $18) (21... Qxd5 22. Ne4 $36 Nd3 $2 23. Rad1 Nxe1 24. Rxd5 exd5
25. e6 $18) 22. Qg3 $36 {/\ Ne4-Ncd6,Ba4 etc.}) 20... cxd4 21. Nd6 Bxd6 22.
exd6 Qc5 (22... Qb8 23. Rac1 {/\ Rc7} e5 24. Rxc8 Qxc8 (24... Rxc8 25. Rxe5 $18
) 25. f4 e4 26. f5 Bd5 27. Bxd5 Nxd5 28. Nxe4 $16) 23. h4 $5 Qf5 $5 (23... d3
24. Red1 Qd4 25. Ra4 $1 $14) ({On} 23... e5 $5 {I had planned} 24. Rac1 (24.
Nc4 e4 25. Qf4 Nd5 26. Qd2 N5f6) 24... Qxc1 (24... Qxd6 25. Rxc8 Rxc8 (25...
Bxc8 26. Ne4 $18 {/\ Ng5}) 26. Nc4 Qc6 27. Nxe5 Nxe5 28. Rxe5 $40) 25. Rxc1
Rxc1+ 26. Kh2 {assessing the position as slightly favourable to White due to
passed d-pawn and weaknesses on the Black's Kingside(f7,g7)} {but after} Rc5 $1
{the position is not so clear.} (26... Bd5 $2 27. Ne4 $1 Re1 (27... Ra1 28. Qf3
$1 {/\ Nf6} f5 29. Nc5 $1 Nxc5 30. Bxd5+ Kh8 31. Bc4 $16 {The pair of Bishops,
passed d-pawn and Back rank weakness assures white a win.}) 28. Qf3 $1 Rxe4 29.
Bxd5 Rxh4+ 30. Kg3 Nxd5 31. Kxh4 e4 32. Qb3 $14) {However White can force a
draw with} 27. Qg4 ({or play for more with} 27. Nc4 Nd5 $1 $13) 27... Nf6 28.
Qg5 Nd7 29. Qg4 $11) (23... Nc2 {is the critical continuation} 24. Rec1 (24.
Bxc2 Qxc2 $15 {and Black plays Bd5 and starts pushing his e-pawn.}) 24... Qh5
$1 {I missed this move during the game.} (24... Nxa1 $2 25. Rxc5 Rxc5 26. Ba4
Bc6 27. Qg4 $1 $16) 25. Rxc2 Rxc2 $1 (25... Qxh6 26. Rac1 $14) 26. Bxc2 Qxh6
27. Nf3 Bxf3 28. Qxf3 Qxh4 29. Qc6 Nf6 30. g3 (30. Qxa6 $2 Ng4 $19) 30... Qg5 (
30... Qh5 $4 31. Qxe8+ Nxe8 32. d7 $18) 31. Qxa6 $13) (23... Qh5 24. Bg5 $1 {
/\ Bd1} Nc2 25. Bxc2 Rxc2 26. Qb3 $18) 24. Nc4 $1 {Intending to remove the
blockade on d7 with Ne5 or Nb6.} Qd3 $6 {A rather strange move. Black intends
to exchange queens in order to reduce White's attacking potential. However
even after the exchange of Queens it is not easy to oppose the pair of Bishops
and the passed pawn on d6.} (24... Bd5 $6 25. Ne5 Red8 (25... Bxb3 26. Nxd7 Nd3
27. Bg5 $1 Nxe1 28. Nf6+ Kg7 29. d7 $1 $18) 26. Ba4 $1 Nc5 (26... Nf6 27. d7
Rb8 28. Qg5 $16) 27. Ng4 $40) (24... Nd3 $1 25. Red1 N3c5 (25... Be4 26. Nb6)
26. Ba2 Ne4 27. Qf4 Qxf4 28. Bxf4 e5 29. Bh2 $14 {/\ f4}) (24... e5 25. Nb6
Nxb6 26. axb6 $14) 25. Qxd3 Nxd3 26. Red1 N3c5 27. Ba2 e5 28. Bg5 $2 $138 ({
My original intention was} 28. f4 $1 exf4 29. Rxd4 Re2 30. Rd2 Rxd2 31. Nxd2
Nd3 {I stopped here assuming Black has counterplay overlooking} 32. Bc4 Nxb2
33. Bf1 $16 {when Black's knight is trapped and Black will be forced to part
with some more material to release it.}) 28... Bc6 (28... Kg7 29. Be7 $14) 29.
Nb6 Nxb6 30. axb6 Nd7 31. f4 (31. Bc4 $6 Bb7 32. Bxa6 Bxa6 33. Rxa6 f6 $11 {
/\ Kf7-e6}) 31... Nxb6 $2 (31... Rb8 $1 32. Bc4 $5 (32. fxe5 Rxb6 33. e6 (33.
Rxd4 Rxb2 34. Bd5 Bb5 $1 $11) 33... fxe6 34. Rxd4 (34. Be7 Bd5 35. Bxd5 exd5
36. Rxd4 Rc8 37. b4 (37. Rxd5 Rc2 38. b4 Rxb4 39. Rxa6 Rg4 40. Rg5 Rcxg2+ 41.
Kf1 Kf7 $11) 37... Rc4 38. Rxd5 Rcxb4 $11) 34... Rxb2 35. Be7 Rxg2+ 36. Kf1 Rh2
37. Bxe6+ Kg7 $11) 32... Rxb6 33. b3 Bb5 $1 34. Bxb5 Rxb5 35. fxe5 Rxb3 36.
Rxa6 Rb7 37. Rxd4 Nxe5 $11) (31... exf4 $2 32. Rxd4 Re2 33. Rxf4 Rxg2+ 34. Kf1
Rh2 35. Bxf7+ Kg7 36. Bc4 Rh1+ 37. Ke2 Rxa1 38. Rf7+ Kh8 39. Rxd7 $18) 32. fxe5
Rxe5 33. Rxd4 Re2 34. Rd2 Rxd2 (34... Rce8 35. Rf1 Rxd2 36. Bxf7+ Kg7 37. Bxd2
Re2 38. Bc3+ Kh6 39. Rf2) 35. Bxd2 Bb5 36. Ba5 Rc6 (36... Nc4 37. Bc7 Nxb2 38.
Rb1 Nd3 39. Rxb5 axb5 40. d7 Rf8 41. d8=Q Rxd8 42. Bxd8 $16) 37. Rd1 Nd7 38.
Bc3 Kf8 39. Re1 Rc5 40. g4 (40. Re7 Rf5 41. g4 Rf4 42. g5 Bc6 43. Bf6 $1 $18)
40... Bc4 41. Re7 Bxa2 42. Rxd7 Rc8 43. Ra7 Be6 44. Bf6 (44. d7 $1 Rd8 45. Bf6
$18) 1-0

[Event "Wch U20 41st"]
[Site "Goa"]
[Date "2002.12.13"]
[Round "7"]
[White "Simutowe, Amon"]
[Black "Ganguly, Surya Shekhar"]
[Result "1/2-1/2"]
[WhiteElo "2383"]
[BlackElo "2531"]
[Annotator "Simutowe,A"]
[PlyCount "122"]
[EventDate "2002.12.09"]
[EventType "swiss"]
[EventRounds "13"]
[EventCountry "IND"]
[SourceTitle "CBM 091 Extra"]
[Source "ChessBase"]
[SourceDate "2003.01.09"]
[SourceVersion "1"]
[SourceVersionDate "2003.01.09"]
[SourceQuality "1"]

1. Nf3 d5 2. d4 Nf6 3. c4 dxc4 4. e3 e6 5. Bxc4 c5 6. O-O a6 7. dxc5 (7. Bb3
cxd4 8. exd4 Nc6 9. Nc3 Be7 {or}) (7. a4 {leads to other variations}) (7. Nc3 {
though the position arose from a different move order} b5 8. Bb3 Bb7 9. Qe2
Nbd7 10. e4 cxd4 11. Nxd4 Bc5 12. Be3 Qb6 13. Rfd1 Ne5 14. Rac1 Rc8 15. Na4 $1
bxa4 16. Bxa4+ Ke7 17. Rxc5 Rxc5 18. Nb3 Rhc8 19. Nxc5 Rxc5 20. b4 Qxb4 21. Qd2
$1 {1-0 Was seen in Leitao 2515-Baburin2600 Bermuda 1998}) 7... Qxd1 (7... Bxc5
8. Qxd8+ Kxd8 {is also another variation}) 8. Rxd1 Bxc5 9. Nbd2 b6 10. Be2 Bb7
11. Nb3 Be7 12. Nfd4 Nbd7 13. f3 O-O 14. e4 Rfc8 15. Be3 Nc5 16. Nxc5 Bxc5 17.
Kf2 Rd8 18. a3 a5 19. Rac1 Kf8 20. g4 Rac8 21. h4 Ne8 22. Nb5 Rxd1 23. Rxd1 Ke7
24. Nc3 Bxe3+ (24... Bxa3 25. Na4 {secures White a comfortable position. If}
Bc5 {then} 26. Nxc5 bxc5 27. Ra1 {Is comfortable for White.}) 25. Kxe3 Nd6 26.
e5 Nc4+ 27. Bxc4 Rxc4 28. Rd6 Rc6 (28... Bc6 $2 {loses to} 29. Kd3 Rc5 {if} (
29... b5 {then} 30. b3 Rc5 31. Kd4 {is still better for White}) 30. b4 axb4 31.
axb4 Bb5+ 32. Kd2 Rxe5 33. Rxb6 Bd7 34. f4 {traps the Castle}) 29. Rxc6 Bxc6
30. b4 axb4 31. axb4 f6 32. b5 Be8 33. f4 fxe5 34. fxe5 Kd7 35. h5 Kd8 36. Kd4
h6 37. Kc4 Kc7 38. Ne4 Kd8 39. Nd6 Kd7 40. Kd4 {White still had space
advantage but it was not enough for a win.} Kd8 41. Ke3 Kd7 42. Kf2 Kd8 43. Kg3
Kd7 44. Kh4 Kd8 45. Nb7+ Kc7 46. Nd6 Kd8 47. g5 Kd7 48. g6 Kd8 49. Kg4 Kd7 50.
Kf4 Kd8 51. Ke4 Kd7 52. Kd4 Kd8 53. Kc3 Kd7 54. Kb4 Kd8 55. Nc4 Kc7 56. Ne3 Kd8
57. Ng4 Kd7 58. Kb3 Kd8 59. Kc4 Kd7 60. Nf2 Kd8 61. Ne4 Kd7 1/2-1/2

[Event "Olympiad-32"]
[Site "Yerevan"]
[Date "1996.09.17"]
[Round "2.3"]
[White "Speelman, Jonathan S"]
[Black "Borge, Nikolaj"]
[Result "1-0"]
[WhiteElo "2625"]
[BlackElo "2455"]
[Annotator "Speelman,J"]
[PlyCount "65"]
[EventDate "1996.09.15"]
[EventType "team-swiss"]
[EventRounds "14"]
[EventCountry "ARM"]
[SourceTitle "CBM 055"]
[Source "ChessBase"]
[SourceDate "1996.12.01"]
[SourceVersion "1"]
[SourceVersionDate "1996.12.01"]
[SourceQuality "1"]
[WhiteTeam "England"]
[BlackTeam "Denmark"]
[WhiteTeamCountry "ENG"]
[BlackTeamCountry "DEN"]

1. d4 d5 2. Nf3 Nf6 3. c4 dxc4 4. e3 e6 5. Bxc4 c5 6. O-O a6 7. a4 Nc6 8. Nc3
Be7 9. Qe2 cxd4 10. Rd1 O-O (10... e5 11. exd4 exd4 12. Nxd4 Nxd4 13. Qe5 Qd6
$1 $14) 11. exd4 Nd5 12. Bd2 $5 b6 13. Bb3 $2 (13. Nxd5 exd5 14. Bb3 Bg4 $1 $10
) (13. Ba2) 13... Ndb4 $1 {xBb3} 14. Ne4 Na5 $5 (14... Bb7 $5 15. Neg5 Nxd4 16.
Nxd4 Qxd4) 15. Bxb4 Nxb3 16. Bxe7 Qxe7 17. Ra3 Na5 18. Re3 $1 Bb7 19. Nc3 Qd6 (
19... Qb4 20. d5 $5 Bxd5 21. Nxd5 exd5 22. Rxd5 Qxa4 $44) 20. Ng5 h6 (20... Qf4
$5 21. Re5 Nc6 $2 22. g3 Qf6 $1 {White loses material.} 23. Nxh7 $1 Kxh7 24.
Ne4 Qg6 25. Rg5 Nxd4 26. Rxd4 Bxe4 27. Rxg6 Bxg6 $16) 21. Nge4 Bxe4 $2 (21...
Qb4 22. Nf6+ Kh8 $1 (22... gxf6 23. Qh5 $18) 23. Rh3 $36 {is still very
dangerous.}) (21... Qe7 22. d5 exd5 23. Nxd5 Bxd5 24. Rxd5) 22. Rxe4 $1 $16
Rfd8 23. d5 exd5 24. Nxd5 Kf8 $2 (24... Kh8 $1 {was correct.}) 25. g3 Qc6 $6
26. Red4 {threatening Qe7+ - xKf8} Re8 $8 27. Qd3 {Threatening 28 Qh7 - xKf8}
Kg8 $8 28. Rg4 $5 Re6 (28... Re5 $5 29. b4 $16) 29. b4 Nb7 30. Qd4 {[#]} g5 $2
{Setting a "trap" which loses at once.} (30... g6 $2 31. Re4 Rae8 32. b5 $1 (
32. Nf6+ Kf8 $1) 32... axb5 33. axb5 Rxe4 34. Qxe4 $1 Qe6 (34... Rxe4 35. bxc6
$18) 35. Nf6+ Kf8 36. Qb4+ Qe7 (36... Re7 37. Nd5 $18) 37. Qh4 $18) (30... f6
$1 31. Qd2 $1 f5 (31... Rae8 32. Qxh6 Re1+ 33. Kg2 $18) (31... Qxa4 32. Rc1 f5
33. Rxg7+ $1 {transposes}) (31... h5 32. Qa2 $1 Kh8 33. Rh4) 32. Rc1 $1 (32.
Rd4 Rae8) (32. Qa2) 32... Qxa4 (32... Qxc1+ 33. Qxc1 fxg4 34. Nc7 Rc8 35. Qc4
Nd8 36. Qd5 $18) (32... Qd6 33. Rd4 $16 Rd8 (33... Rae8 34. Nf4 (34. Rc7 Re2
35. Qd3 Re1+ 36. Kg2 Rb8) 34... Re1+ 35. Rxe1 Rxe1+ 36. Qxe1 Qxd4 37. Qe6+ Kh8
38. Ng6+ Kh7 39. Ne7 Qd8 40. Nxf5 $18) 34. Rc7 Re5 35. Ne7+ Rxe7 36. Rxd6 Rxd6
37. Qa2+ Kf8 38. Rxe7 Kxe7 39. Qg8 $18) 33. Rxg7+ $1 Kxg7 34. Rc7+ Kg8 35. Qd4
Re1+ 36. Kg2 Qa1 37. Nc3 $1 $18) 31. h4 $1 f5 32. hxg5 fxg4 33. gxh6 (33. gxh6
Qd7 34. Nf6+ $1) 1-0

[Event "Interzonal-14a"]
[Site "Subotica"]
[Date "1987.??.??"]
[Round "5"]
[White "Chernin, Alexander"]
[Black "Speelman, Jonathan S"]
[Result "0-1"]
[WhiteElo "2570"]
[BlackElo "2550"]
[Annotator "Speelman,J"]
[PlyCount "104"]
[EventDate "1987.06.??"]
[EventType "tourn"]
[EventRounds "17"]
[EventCountry "YUG"]
[EventCategory "11"]
[SourceTitle "CBM 003"]
[Source "ChessBase"]
[SourceDate "1988.04.01"]
[SourceVersion "1"]
[SourceVersionDate "1988.04.01"]
[SourceQuality "1"]

1. d4 d5 2. Nf3 c5 3. c4 dxc4 4. e3 e6 5. Bxc4 Nf6 6. O-O a6 7. b3 $5 Nc6 8.
Bb2 cxd4 9. Nxd4 Bd7 10. Nf3 $5 (10. Nd2) 10... Be7 11. Nbd2 O-O 12. Ng5 $5 (
12. e4) (12. Qb1 $5 {/\ Ng5}) 12... h6 13. Nge4 b5 (13... Nb4 $6 14. Nxf6+ Bxf6
15. Bxf6 Qxf6 16. a3 $14) 14. Be2 Nb4 15. a3 (15. Nxf6+ Bxf6 16. Bxf6 Qxf6 17.
Ne4 Qb2 $1 $10 (17... Qe7 $14)) 15... Nbd5 16. Bd3 (16. Bf3) 16... Rc8 17. Qe2
Nxe4 18. Nxe4 f5 $1 19. Ng3 Bf6 $10 20. Nh5 $6 (20. Rac1) 20... Bxb2 21. Qxb2
Qg5 22. Be2 (22. Ng3) 22... Nc3 $1 23. Bf3 Rc7 24. Qd2 Bc6 $1 25. Bxc6 Rxc6 26.
Qd7 Rfc8 27. Nf4 Qd8 (27... Qf6 $5 {/\ g5!?}) 28. Qxd8+ Rxd8 $17 29. Ng6 $1
Ne2+ 30. Kh1 Rc2 31. Ne5 Rd5 32. Nf3 $8 (32. f4 Rc3 $1) 32... Kf7 33. b4 $1 g5
34. a4 Kf6 35. axb5 axb5 36. Ra7 $6 g4 37. Nh4 Rc1 $1 38. Rxc1 Nxc1 39. g3 Rd2
$2 (39... Nd3) 40. f4 gxf3 $2 (40... Rb2 $17) 41. Nxf3 Rd3 $1 (41... Re2 42.
Ra3) 42. Nd4 Rxe3 43. Nxb5 $2 (43. Rh7 $1) 43... Nd3 44. Nd6 Nxb4 45. Ne8+ Ke5
$8 (45... Kg6 $4 46. Rg7+ Kh5 47. Nf6#) 46. Rh7 $2 Re1+ 47. Kg2 Re2+ 48. Kh3
Nd3 $1 49. Rxh6 $2 (49. Ra7 $17 Nf2+ 50. Kh4 $1) 49... Nf2+ 50. Kg2 (50. Kh4
Ng4 $19) 50... Ng4+ 51. Kf1 Ra2 52. Rg6 Ke4 $1 (52... Ke4 $1 53. Ke1 (53. Rxe6+
Kf3 54. Ke1 Ne3) 53... Ne3 $1) 0-1

[Event "EU-ch 19th"]
[Site "Batumi"]
[Date "2018.03.26"]
[Round "9"]
[White "Svane, Rasmus"]
[Black "Inarkiev, Ernesto"]
[Result "1-0"]
[WhiteElo "2587"]
[BlackElo "2684"]
[Annotator "Sumets,A"]
[PlyCount "77"]
[EventDate "2018.03.17"]
[EventType "swiss"]
[EventRounds "11"]
[EventCountry "GEO"]
[SourceTitle "CBM 184"]
[Source "ChessBase"]
[SourceDate "2018.05.16"]
[SourceVersion "1"]
[SourceVersionDate "2018.05.16"]
[SourceQuality "1"]

1. Nf3 d5 2. d4 Nf6 3. c4 dxc4 4. e3 e6 5. Bxc4 c5 6. O-O a6 7. Bb3 Be7 8. Qe2
Nc6 9. Rd1 O-O 10. Nc3 Qc7 ({Another variation is} 10... cxd4 11. exd4 (11.
Nxd4 $5 {is a not bad alternative.} Qc7 ({I wouldn't recommend playing} 11...
Nxd4 $6 12. exd4 Nd5 13. Qf3 Nxc3 14. bxc3 Qc7 15. c4 {See the game San
Segundo Carrillo,P - Illescas Cordoba,M, ESP ch 2001, annotated by Huzman,A.})
12. Nxc6 Qxc6 13. e4 b5 14. Bg5 Bb7 15. Rac1 Qe8 16. e5 (16. f3 Rc8 17. a4 b4
18. Na2 Rxc1 19. Rxc1 Qb8 20. Be3 {1/2 (20) Schneider,I (2526)-Donchenko,A 
(2397) Frankfurt 2011}) 16... Nd7 17. Ne4 Bxe4 18. Bxe7 Qxe7 19. Qxe4 Nc5 20.
Qb4 $14 {David,A (2565)-Bakre,T (2453) Paleochora 20091/2 (43)}) 11... Na5 (
11... Nb4 12. Ne5 Nbd5 13. Rd3 Nxc3 14. bxc3 Nd5 15. Rh3 Bg5 16. Qd3 (16. Qh5
$5 h6 17. Rg3 Bxc1 18. Rxc1 Nf4 $8 19. Qf3 Nd5 20. Bc2 $16) 16... g6 17. Bxg5
Qxg5 18. Rg3 Qd8 19. Re1 Ne7 20. Rh3 Kg7 21. Qd2 Ng8 22. Re4 $16 {Landa,K 
(2646)-Edouard,R (2625) Belfort 2012 1/2 (28)}) 12. Bc2 b5 13. Bg5 Bb7 14. d5
$6 exd5 15. Nd4 g6 16. Qf3 Re8 (16... Ne4 $6 17. Bh6 Re8 18. Nf5 $44 {1-0 (29)
Mamedyarov,S (2747)-Dominguez Perez,L (2732) Blitz Huaian 2016}) 17. Re1 Ne4
18. Bxe7 Qxe7 19. Qf4 Nc4 20. b3 Qd6 $17 {Krush,I (2354)-Makarov,M (2515)
Presov 2000 0-1 (61)}) 11. Bd2 {White should choose between 11.Bd2, which I
consider as the strongest move and 11.dxc5 Bxc5 12.Bd2; other moves don't give
White any advantage.} (11. h3 Rd8 $1 {and White hasn't any advantage} 12. dxc5
Rxd1+ 13. Nxd1 Bxc5 14. e4 Nd7 (14... b6 $5) 15. Bd2 b6 16. Rc1 Bb7 17. Bc2
Nde5 $15 {Nikitin,A (2471)-Batsanin,D (2474) Sochi 2008 0-1 (39)}) (11. dxc5
Bxc5 12. Bd2 Bd7 (12... e5 $2 13. Nd5 Nxd5 14. Bxd5 Qe7 15. Rac1 Nb4 16. Qc4 (
16. Bxb4 $1 Bxb4 17. Qc4 Bf5 18. Qc7 e4 19. Nd4 Bg4 20. Qxe7 Bxe7 21. Rd2 Rac8
22. Rdc2 $16 {Marszalek,M (2395)-Wojciechowski,P (2279) Warsaw 2009 1/2 (46)})
16... Nxd5 17. Qxd5 e4 18. Qxc5 Qxc5 19. Rxc5 exf3 20. gxf3 Be6 21. Ra1 Rac8
22. Rxc8 Rxc8 $14 {1-0 (43) Mikhalevski,V (2598)-Schulz,K (2401) Belgium 2007})
13. Rac1 Bd6 14. e4 Ng4 15. h3 Nge5 16. Nxe5 (16. Be3 $5 Nxf3+ 17. Qxf3 $14 {
Black still has to play precisely to equalise.}) 16... Bxe5 17. Be3 Rfd8 18.
Bg5 Rdc8 19. Be3 Be8 20. Nd5 exd5 21. exd5 Qe7 22. dxc6 Bxc6 $11 {1/2 (41)
Lenderman,A (2600)-Bogdanovich,S (2591) Baku 2016}) 11... b5 (11... cxd4 12.
exd4 Na5 {See the game Tkachiov,V-Lupu, MS, Cannes 2000 annotated by Huzman,A.}
(12... b5 $2 13. Rac1 Bb7 14. d5 exd5 15. Nxd5 Nxd5 16. Bxd5 $16 Rfe8 17. Be3
Rac8 18. Qc2 $6 (18. Nd4 $1 Nxd4 19. Bxf7+ $1 Kf8 (19... Kxf7 20. Qh5+ $18) (
19... Kh8 20. Qh5 $18) 20. Qh5 $18) 18... Bf6 19. Qf5 $16 {Vorobiov,E (2547)
-Hoffmann,H (2232) Schwaebisch Gmuend GER 2018 1-0 (22)}) (12... Rd8 13. Rac1
h6 14. Be3 Qa5 15. Bf4 Bf8 16. Bg3 Bd7 17. Ne5 $6 (17. Bh4 $1 g5 $8 18. Bg3 Be8
19. d5 $1 exd5 20. h4 g4 21. Ne5 $16) 17... Be8 18. Qe3 Rac8 $11 {Karger,F 
(2203)-Savchenko,V (2375) Germany 1999 0-1 (52)})) 12. dxc5 Bxc5 13. Rac1 Bb6
$2 $146 {I'm sure that this novelty was not prepared at home. After 14.a4,
which is not a difficult move, Black gets into problems. Probably Ernesto
mixed up something.} (13... Qb6 14. Ng5 (14. e4 Ng4 15. Be1 Nge5 (15... Bb7 16.
e5 Rfd8 17. h3 Nh6 18. Ne4 $14) 16. Nxe5 Nxe5 17. Qh5 Bd6 18. Bd2 Ng6 19. Be3
$14 {Mensch,E (2380)-Vajda,S (2367) 1/2 (48) Budapest 2002}) (14. a4 Na5 (14...
b4 15. a5 Qb7 16. Na4 Be7 17. Nc5 $14) 15. Nd5 $5 exd5 16. Bxa5 Qxa5 17. Rxc5
Qb4 18. Rc3 bxa4 19. Bxd5 Nxd5 20. Rxd5 Rb8 $11) 14... Bb7 15. Nce4 Nxe4 16.
Nxe4 Be7 17. Bc3 $6 (17. Qh5 b4 18. Be1 Na5 19. Bc2 h6 $11) 17... b4 18. Be1
Rfd8 $15 {Bocharov,D (2569) -Klenburg,M (2399) 0-1 (48) playchess.com INT 2004}
) (13... Bd6 14. e4 Bb7 15. Bg5 Ng4 16. h3 Nge5 17. Nxe5 Bxe5 18. Qg4 Kh8 19.
Be3 Rad8 20. f4 {1/2 (20) Bystrov,S-Vadum,P ICCF corr 1997}) 14. a4 $1 bxa4 (
14... b4 {loses material after} 15. Nb5 $1 axb5 $8 16. axb5 Bb7 17. bxc6 Bxc6
18. Bxb4 $16) 15. Nxa4 Ba7 16. Bc3 ({White could have got an advantage after} 
16. Bb4 $5 {[%emt 0:00:16]} Re8 17. Bd6 Qb7 18. Bc4 Rd8 19. Be5 Rxd1+ 20. Rxd1
Ne8 21. Bc3 {Black has no reasonable moves.}) 16... Qb7 17. Bc4 (17. Qc4 $5 {
[%emt 0:00:17] with the idea Bc2, Qh4 looks stronger than Bc4:} Ne7 18. Bc2
Ned5 (18... Qb5 $6 {doesn't work due to} 19. Qh4 Ng6 20. Bxg6 hxg6 (20... fxg6
21. Bxf6 gxf6 $8 22. Rc7 Qh5 23. Qb4 $18) 21. Be5 $1 Bb7 22. Nc3 Qb6 23. Ng5
Nh5 24. g4 $18) 19. Be5 Bd7 20. Qh4 Rfc8 21. Nc3 h6 22. Nxd5 Nxd5 23. Qg4 $40 {
White has a very strong attack.}) 17... Ne4 18. Be1 (18. Bd3 $5 {Despite the
approximately equal value,usually we don't like to exchange a bishop for a
knight.} Nxc3 19. Rxc3 {(threatening Be4)} f5 (19... Nb4 20. Bxh7+ $1 Kxh7 21.
Ng5+ Kh6 $8 22. Qg4 Nd5 23. Qh4+ Kg6 24. g4 $1 Bd7 25. Nf3 Bb8 26. Qh5+ Kf6 27.
Qg5#) 20. Rdc1 Nb4 21. Rc7 Qd5 22. Bc4 Qd6 23. Bb3 $16 {It's difficult to
suggest anything reasonable fir Black.}) 18... Bb8 ({Black could have tried} 
18... Nb4 $5 19. Ne5 Nf6 20. b3 Nfd5 21. Nc3 $16) 19. Bd3 Nf6 20. Nc5 ({
White has many ways to get an advantage, I would recommend} 20. Rc4 $1 h6 21.
Qc2 Ne5 22. Nxe5 Bxe5 23. Ba5 $16 {with the idea Nb6.}) 20... Qb6 21. Ne4 Nd5
$8 (21... Nxe4 $2 22. Bxe4 Bb7 23. Rd7 $18) 22. Bb1 Ne5 23. Nd4 Ra7 {Black's
pieces are not coordinated. In order to improve his position, Ernesto needs to
trade pieces. Now he wants to play Rc7.} 24. Nc3 (24. Rc5 $1 {with the idea to
play Ba5:} Bd7 25. f4 Ng6 26. Ba5 Qb7 27. Ba2 Nge7 28. Rcc1 $16) 24... Bb7 25.
Qc2 $6 (25. Na4 Qd6 26. g3 Ba8 27. Nc5 Rc7 28. b4 Ba7 29. Ndb3 $16 {White
still has a big advantage.}) 25... g6 26. Na4 Qd6 $14 {Black has got some
counterplay.} 27. e4 $2 ({I believe Rasmus should have played} 27. Qc5 $5 Qd8
28. e4 Qg5 $1 29. Bd2 (29. exd5 $6 Bxd5 30. f3 (30. g3 $6 Rc7 31. Qxc7 Bxc7 32.
Rxc7 Qh5 $15) 30... Bxf3 31. Nxf3 Nxf3+ 32. Kf1 Nxh2+ 33. Kg1 Nf3+ $11) 29...
Nf4 30. g3 Nh3+ 31. Kg2 Qh5 32. Rf1 a5 33. f4 {The position which has arisen
is very complicated but White is still better.}) 27... Nd3 $1 {Now Black is
out of danger.} 28. Nf3 $8 (28. exd5 $4 Qxh2+ 29. Kf1 Nf4 $19) 28... Nxe1 29.
Rxe1 Nb4 $11 {Inarkiev's chances are at least not worse.} 30. Qb3 a5 31. Nc5
Ba8 32. Red1 Qe7 33. Qe3 {Threatening Qh6 and Ng5.} Rc7 $6 {The wrong square
for Black's rook.} ({Ernesto should have played} 33... Re8 $5 34. Qh6 Qf6 35.
Ng5 Qg7 36. Qxg7+ Kxg7 $15 {with some advantage.}) 34. Qh6 $1 {Black's
position is unpleasant.} f6 $6 ({Black couldn't play} 34... Qf6 $4 {with the
idea ...Qg7 due to} 35. Ng5 Qg7 36. Qxg7+ Kxg7 37. Ncxe6+ $18) ({I believe
Ernesto should have played} 34... Rxc5 $1 35. Rxc5 Bf4 36. Qxf4 Qxc5 37. Ne5
$14) 35. Nd4 Ba7 $4 {This is the decisive mistake. After 35...Rfc8 Black still
has chances to survive.} (35... Rfc8 36. Ndxe6 Rc6 37. e5 $1 (37. Rd7 $4 Qxd7
38. Nxd7 Rxc1+) (37. Bc2 $5 Nxc2 38. Rd7 Rxe6 39. Rxe7 Rxe7 40. Rxc2 Bxe4 41.
Qe3 $16 {White has good chances to win the game.}) 37... f5 38. Bc2 Nxc2 39.
Rxc2 Bxe5 40. Rcd2 $16) 36. Ncxe6 $18 Rxc1 37. Rxc1 Bxd4 38. Rc7 Qxc7 39. Qxf8#
1-0